00505nam a2200169 i 450000100060000000300090000600500170001500700030003200800410003510000290007624500480010526000380015330000210019150000430021265000260025585200540028157392ES-MaACL20230906163552.0t|031016s1915 xxk ||||1| eng d1 aDodgson, Edward Spencer.14aThe Biscayan Verb / cby Edward S. Dodgson. a[S.l.] : bCeltic Review, c1915. a30 p. ; c25 cm. aSeparata de "Celtic Review", volume X. 4aLengua vasca-xVerbo. aES-MaACLj1539-F-3 z.- Ded. manuscrita del autor